Statistická ročenka Československé socialistické republiky 1976

Enregistré dans:
Détails bibliographiques
Format: Livre
Langue:tchèque
Publié: Praha Státní nakladatelství technické literatury 1976
Tags: Ajouter un tag
Pas de tags, Soyez le premier à ajouter un tag!

MARC

LEADER 00000nam a2200000 4500
001 c120414
005 20221207070802.7
041 0 |a cze 
044 |a CZ 
245 1 0 |a Statistická ročenka Československé socialistické republiky 1976 
264 1 |a Praha  |b Státní nakladatelství technické literatury  |c 1976 
300 |a 631 s.